<?xml version="1.0" encoding="UTF-8"?>
<record
    xmlns:xsi="http://www.w3.org/2001/XMLSchema-instance"
    xsi:schemaLocation="http://www.loc.gov/MARC21/slim http://www.loc.gov/standards/marcxml/schema/MARC21slim.xsd"
    xmlns="http://www.loc.gov/MARC21/slim">

  <leader>04685nam a2200361 i 4500</leader>
  <controlfield tag="001">22699867</controlfield>
  <controlfield tag="003">EG-ScBUE</controlfield>
  <controlfield tag="005">20230312124652.0</controlfield>
  <controlfield tag="008">220718s2023    enkab  f b    001 0 eng d</controlfield>
  <datafield tag="020" ind1=" " ind2=" ">
    <subfield code="a">9780367468927</subfield>
  </datafield>
  <datafield tag="040" ind1=" " ind2=" ">
    <subfield code="a">IEN/DLC</subfield>
    <subfield code="b">eng</subfield>
    <subfield code="e">rda</subfield>
    <subfield code="c">DLC</subfield>
    <subfield code="d">DLC</subfield>
    <subfield code="d">EG-ScBUE</subfield>
  </datafield>
  <datafield tag="043" ind1=" " ind2=" ">
    <subfield code="a">f------</subfield>
  </datafield>
  <datafield tag="082" ind1="0" ind2="4">
    <subfield code="a">320.96</subfield>
    <subfield code="2">22</subfield>
    <subfield code="b">THO</subfield>
  </datafield>
  <datafield tag="100" ind1="1" ind2=" ">
    <subfield code="a">Thomson, Alex,</subfield>
    <subfield code="d">1966-</subfield>
    <subfield code="e">author.</subfield>
  </datafield>
  <datafield tag="245" ind1="1" ind2="3">
    <subfield code="a">An introduction to African politics /</subfield>
    <subfield code="c">Alex Thomson.</subfield>
  </datafield>
  <datafield tag="250" ind1=" " ind2=" ">
    <subfield code="a">Fifth edition.</subfield>
  </datafield>
  <datafield tag="264" ind1=" " ind2="1">
    <subfield code="a">London ;</subfield>
    <subfield code="a">New York :</subfield>
    <subfield code="b">Routledge Taylor &amp; Francis Group,</subfield>
    <subfield code="c">2023.</subfield>
  </datafield>
  <datafield tag="300" ind1=" " ind2=" ">
    <subfield code="a">xv, 337 pages :</subfield>
    <subfield code="b">illustrations, maps ;</subfield>
    <subfield code="c">26 cm</subfield>
  </datafield>
  <datafield tag="336" ind1=" " ind2=" ">
    <subfield code="a">text</subfield>
    <subfield code="b">txt</subfield>
    <subfield code="2">rdacontent</subfield>
  </datafield>
  <datafield tag="337" ind1=" " ind2=" ">
    <subfield code="a">unmediated</subfield>
    <subfield code="b">n</subfield>
    <subfield code="2">rdamedia</subfield>
  </datafield>
  <datafield tag="338" ind1=" " ind2=" ">
    <subfield code="a">volume</subfield>
    <subfield code="b">nc</subfield>
    <subfield code="2">rdacarrier</subfield>
  </datafield>
  <datafield tag="504" ind1=" " ind2=" ">
    <subfield code="a">Includes bibliographical references and index.</subfield>
  </datafield>
  <datafield tag="505" ind1="0" ind2="0">
    <subfield code="g">Introductions and the Historical Inheritance --</subfield>
    <subfield code="t">State, civil society and external interests --</subfield>
    <subfield code="t">History : Africa's pre-colonial and colonial inheritance --</subfield>
    <subfield code="t">Case study : Mali's historical inheritance --</subfield>
    <subfield code="g">The Dominant African State, 1960s-1970s --</subfield>
    <subfield code="t">Ideology : nationalism, socialism, populism and state capitalism --</subfield>
    <subfield code="t">Case study : socialism and ujamaa in Tanzania --</subfield>
    <subfield code="t">Ethnicity and religion : 'tribes', gods and political identity --</subfield>
    <subfield code="t">Case study : ethnicity, religion and the nation-state in Nigeria --</subfield>
    <subfield code="t">Social class : the search for class politics in Africa --</subfield>
    <subfield code="t">Case study : social class in Botswana --</subfield>
    <subfield code="t">Legitimacy : neo-patrimonialism, personal rule and the centralisation of the African state --</subfield>
    <subfield code="t">Case study : personal rule in C&#xF4;te d'Ivoire --</subfield>
    <subfield code="t">Coercion : military intervention in African politics --</subfield>
    <subfield code="t">Case study : Uganda's 1971 military coup --</subfield>
    <subfield code="t">Sovereignty I : external influences on African politics --</subfield>
    <subfield code="t">Case study : Somalia's international relations</subfield>
    <subfield code="g">The Weakened Africa State, 1980s-1990s --</subfield>
    <subfield code="t">Sovereignty II : neo-colonialism, structural adjustment and Africa's political economy --</subfield>
    <subfield code="t">Case study : Ghana's structural adjustment --</subfield>
    <subfield code="t">Authority : the crises of accumulation, governance and state collapse --</subfield>
    <subfield code="t">Case study : Zaire - Mobutu's vampire state --</subfield>
    <subfield code="g">The Re-fashioned African State, 1990s-present --</subfield>
    <subfield code="t">Democracy : multi-party elections re-legitimising the African state? --</subfield>
    <subfield code="t">Case study : Algeria's unconsolidated democracy --</subfield>
    <subfield code="t">Hybrid regimes : 'Africa rising', stalled transitions, or something in-between? --</subfield>
    <subfield code="t">Case study : Angola's electoral authoritarianism --</subfield>
    <subfield code="g">Conclusions --</subfield>
    <subfield code="t">The changing relationship between state, civil society and external interests in post-colonial Africa.</subfield>
  </datafield>
  <datafield tag="520" ind1=" " ind2=" ">
    <subfield code="a">"This fully updated fifth edition of An Introduction to African Politics is an ideal textbook for those new to the study of this fascinating continent. Charting trends in government over six decades of the post-colonial era, the book tackles key questions such as: How have African states made sense of their colonial inheritance? How relevant are ethnic and religious identities? Why have some states collapsed and others prospered? Why did the one-party state fail? Why is contemporary Africa now dominated by electoral authoritarian states, and not the multi-party democracies promised in the 1990s? Key features include: thematically organised, with chapters exploring issues such as colonialism, ethnicity, nationalism, religion, social class, ideology, legitimacy, authority, sovereignty, and democracy; new four-part structure makes clearer Africa's political evolution over time; new chapter on the emergence of 'hybrid states' and 'electoral authoritarianism'; more coverage of 21st century governance trends such as China's impact, the changing role of the military, different uses of 'client patron' networks, Western conditionality, and the 'Africa rising' debate; colour presentation of maps, photos and data; boxed case studies including Mali, Tanzania, Nigeria, Botswana, C&#xF4;te d'Ivoire, Uganda, Somalia, Ghana, the Democratic Republic of the Congo, Tunisia and Angola; each chapter concludes with key terms and definitions, questions and further reading. An Introduction to African Politics is essential reading for students seeking an accessible introduction to the complex social relationships and events that characterize the politics of post-colonial Africa"--</subfield>
    <subfield code="c">Provided by publisher.</subfield>
  </datafield>
  <datafield tag="651" ind1=" " ind2="7">
    <subfield code="a">Africa</subfield>
    <subfield code="x">Politics and government.</subfield>
    <subfield code="2">BUEsh</subfield>
  </datafield>
  <datafield tag="653" ind1=" " ind2=" ">
    <subfield code="b">BUSBOL</subfield>
    <subfield code="c">March2023</subfield>
  </datafield>
  <datafield tag="655" ind1=" " ind2=" ">
    <subfield code="v">Reading book</subfield>
  </datafield>
  <datafield tag="776" ind1="0" ind2="8">
    <subfield code="i">Online version:</subfield>
    <subfield code="a">Thomson, Alex.</subfield>
    <subfield code="t">Introduction to African politics</subfield>
    <subfield code="b">Fifth edition.</subfield>
    <subfield code="d">New York : Routledge, 2022</subfield>
    <subfield code="z">9781003031840</subfield>
    <subfield code="w">(DLC) 2022034087</subfield>
  </datafield>
  <datafield tag="906" ind1=" " ind2=" ">
    <subfield code="a">7</subfield>
    <subfield code="b">cbc</subfield>
    <subfield code="c">orignew</subfield>
    <subfield code="d">1</subfield>
    <subfield code="e">ecip</subfield>
    <subfield code="f">20</subfield>
    <subfield code="g">y-gencatlg</subfield>
  </datafield>
  <datafield tag="942" ind1=" " ind2=" ">
    <subfield code="2">ddc</subfield>
    <subfield code="c">BB</subfield>
  </datafield>
  <datafield tag="999" ind1=" " ind2=" ">
    <subfield code="c">30249</subfield>
    <subfield code="d">30220</subfield>
  </datafield>
  <datafield tag="952" ind1=" " ind2=" ">
    <subfield code="0">0</subfield>
    <subfield code="1">0</subfield>
    <subfield code="2">ddc</subfield>
    <subfield code="4">0</subfield>
    <subfield code="7">0</subfield>
    <subfield code="8">Alahram</subfield>
    <subfield code="a">MAIN</subfield>
    <subfield code="b">MAIN</subfield>
    <subfield code="c">1ST</subfield>
    <subfield code="d">2023-03-12</subfield>
    <subfield code="e">Purchase</subfield>
    <subfield code="g">1169.00</subfield>
    <subfield code="h">190</subfield>
    <subfield code="l">0</subfield>
    <subfield code="o">320.96 THO</subfield>
    <subfield code="p">000044896</subfield>
    <subfield code="r">2025-07-15 00:00:00</subfield>
    <subfield code="v">1461.25</subfield>
    <subfield code="w">2023-03-12</subfield>
    <subfield code="y">BB</subfield>
  </datafield>
</record>
